Signal processing techniques for transverse feedback systems in hadron accelerators : dátum obhajoby 19.11.2025

Gespeichert in:
Bibliographische Detailangaben
1. Verfasser: Kotzian, Gerd (Verfasst von)
Weitere Verfasser: Valúch, Daniel (Betreuung Doktorarbeit)
Format: Manuskript Buch
Sprache:Slowakisch
Englisch
Veröffentlicht: Bratislava : STU v Bratislave FEI, 2025
Schlagworte:
Online-Zugang:https://opac.crzp.sk/?fn=detailBiblioFormChildGAL2LO&sid=CB4D57913478E3D224CCBD6557B5&seo=CRZP-detail-kniha
Tags: Tag hinzufügen
Keine Tags, Fügen Sie das erste Tag hinzu!

MARC

LEADER 00000ntm a22000003a 4500
001 stuzp86531
003 SK-STU
005 20260127094742.3
007 ta
008 150427s2015----xo-----f-mn---000-0-slo-d
040 |a STU  |b slo 
041 0 |a eng 
044 |a xo 
100 1 |a Kotzian, Gerd  |u 033000  |4 aut  |U FEI Fakulta elektrotechniky a informatiky  |T FEI Ústav elektroniky a fotoniky  |X 117003  |U E030  |Y 549  |7 117003 
242 0 1 |a Techniky spracovania signálov pre systémy priečnej stabilizácie zväzku v hadrónových urýchľovačoch  |y slo 
245 1 0 |a Signal processing techniques for transverse feedback systems in hadron accelerators :  |b dátum obhajoby 19.11.2025 
260 |a Bratislava :  |b STU v Bratislave FEI,  |c 2025 
300 |a 121 s., príl. 
650 4 |a systém priečnej stabilizácie zväzku  |2 slo 
650 4 |a hadrónový urýchľovač  |2 slo 
650 4 |a číslicové spracovanie signálov  |2 slo 
650 4 |a priečny fázový priestor  |2 slo 
650 4 |a extrakcia parametrov  |2 slo 
650 4 |a hadron accelerator  |2 eng 
650 4 |a transverse feedback  |2 eng 
650 4 |a digital signal processing  |2 eng 
650 4 |a transverse phase space  |2 eng 
650 4 |a parameter extraction  |2 eng 
700 1 |a Valúch, Daniel  |u 034000  |k Z8  |4 ths  |U FEI Fakulta elektrotechniky a informatiky  |T FEI Ústav elektrotechniky  |X 71187  |U E040  |Y 550  |7 71187 
856 4 |u https://opac.crzp.sk/?fn=detailBiblioFormChildGAL2LO&sid=CB4D57913478E3D224CCBD6557B5&seo=CRZP-detail-kniha